000 00248nam a22001097a 4500
999 _c15496
_d15496
082 _a658.50
_bSAX/IN
100 _aSaxena, S.C
_93249
245 _aIndustrial engineering
260 _aBopal
_bj.k publishing house
_c1982
300 _a278
942 _cBK